Sports Quiz

Random Sports Quiz

Chicago Cubs 200 Quiz Stats

Quiz not verified by Sporcle

Challenge
Share
Tweet
Embed
Score 0/201 Timer 18:00
0 Plays Today
Games Played Cub % Correct
2,151Ryne Sandberg
95.9%
1,811Sammy Sosa
95.1%
1,910Mark Grace
93%
924Derrek Lee
92.7%
1,124Aramis Ramirez
92.1%
344Kerry Wood
90.3%
387Anthony Rizzo
86%
349Carlos Zambrano
83.7%
459Lee Smith
83.5%
536Dwight Smith
83.4%
867Andre Dawson
82.3%
1,254Shawon Dunston
81.7%
312Greg Maddux
81.5%
889Alfonso Soriano
80.2%
555Geovany Soto
80.2%
219Lance Johnson
79%
361Reed Johnson
79%
438Moises Alou
78.9%
331Alex Gonzalez
76.8%
223Luis Gonzalez
76.6%
990Jody Davis
76.4%
609Ryan Theriot
75.7%
284Jacque Jones
74.2%
740Starlin Castro
73.1%
199Rick Sutcliffe
71.2%
921Leon Durham
70.7%
589Corey Patterson
70.3%
135Mitch Williams
70.2%
331Glenallen Hill
70%
188Bob Patterson
70%
376Ryan Dempster
70%
263Koyie Hill
70%
334Henry Rodriguez
69.1%
672Jose Hernandez
67.1%
422Mike Fontenot
67.1%
152Willie Hernandez
67%
513Kosuke Fukudome
66.8%
431Michael Barrett
66.8%
149George Bell
66.3%
547Ron Cey
65.9%
286Welington Castillo
65.7%
370Jerome Walton
65.6%
902Keith Moreland
65.5%
578Joe Girardi
65.3%
485Carlos Marmol
65.2%
130Felix Pie
64.6%
232David DeJesus
64.5%
333Todd Walker
63.4%
411Gary Matthews
63.4%
186Gary Matthews
63.4%
239Chico Walker
63.2%
253Brant Brown
62.8%
228Roosevelt Brown
62.8%
157Darrin Jackson
62.6%
542Darwin Barney
62.3%
122Willie Wilson
61.3%
114Damian Miller
61.2%
586Bill Buckner
61%
594Rey Sanchez
60.8%
494Larry Bowa
60.1%
465Bob Dernier
59.9%
277Damon Berryhill
59.6%
288Dave Martinez
59.5%
210Ramon Martinez
59.5%
302Eric Young
59.4%
114Rondell White
58.9%
195Fred McGriff
58.3%
Games Played Cub % Correct
455Rick Wilkins
58.3%
141Jerry Martin
58.3%
298Mickey Morandini
57.5%
172Junior Lake
57.3%
114Eric Karros
57.2%
124Milton Bradley
56.7%
171Todd Hundley
56.5%
153Carlos Pena
55.6%
202Mark Grudzielanek
55.5%
149Jon Lieber
55.2%
298Mark DeRosa
55.2%
169Randy Myers
54.7%
263Ivan de Jesus
54.5%
416Scott Servais
53.1%
281Vance Law
53%
258Rafael Palmeiro
52.9%
162Juan Pierre
52.1%
166Frank Castillo
52%
402Brian McRae
51.3%
191Kevin Orie
51.3%
161Scott Sanderson
51%
191Steve Trachsel
50.9%
138Steve Trout
50.9%
223Jeff Blauser
50.8%
334Steve Buechele
50.4%
284Marlon Byrd
50.4%
150Gary Gaetti
50%
264Neifi Perez
49.9%
342Luis Salazar
49.7%
329Ronny Cedeno
49%
209Jeff Samardzija
48.6%
130Kevin Tapani
48.4%
384Derrick May
48.4%
123Tuffy Rhodes
48%
347Luis Valbuena
47.5%
160Jeromy Burnitz
47.5%
343Kyle Farnsworth
47.5%
197Mark Bellhorn
47%
194Mel Hall
46.6%
173Bill Mueller
46.1%
308Matt Murton
45.9%
283Jeff Baker
45.9%
265Manny Trillo
45.9%
164Todd Hollandsworth
45.4%
330Jose Vizcaino
45.1%
316James Russell
45%
292Sean Marshall
44.3%
128Matt Stairs
44.3%
208Henry Blanco
44.3%
443Doug Dascenzo
44.2%
174Hector Villanueva
44.2%
150Bryan LaHair
43.8%
236Nate Schierholtz
43.4%
175Steve Lake
43.1%
261Scot Thompson
42.9%
186Dave Clark
42.9%
272Ricky Gutierrez
42.5%
119Paul Bako
42.1%
378Gary Woods
41.9%
125Chris Coghlan
41.7%
279Paul Assenmacher
41.4%
121Terry Mulholland
41.3%
135Delino DeShields
40.4%
276Terry Adams
39.1%
175Joe Borowski
39%
174Davey Lopes
38.8%
168Mitch Webster
38.7%
Games Played Cub % Correct
136Leo Gomez
38.4%
147Jeff Reed
38%
232Les Lancaster
38%
141Lloyd McClendon
37.8%
127Mike Bielecki
37.3%
150Jim Bullinger
37.3%
258Bob Howry
36.8%
126Antonio Alfonseca
36.6%
223Doug Glanville
36%
174Steve Henderson
36%
313Tyler Houston
35.7%
134Kevin Gregg
34.6%
293Thad Bosley
34%
192Blake DeWitt
34%
128Bump Wills
34%
221Tyler Colvin
33.1%
292Jerry Mumphrey
33%
156Mike Remlinger
33%
212Jerry Morales
32.9%
213Scott Bullett
32.7%
185Damon Buford
32.1%
236Jay Johnstone
31.6%
231Manny Alexander
31.1%
122Junior Kennedy
30.9%
116John Grabow
30.8%
148Augie Ojeda
30.5%
154Curt Wilkerson
30.1%
147Ryan Sweeney
30.1%
152Jerry Hairston
30.1%
138Jose Nieves
29.9%
168Daryle Ward
29.9%
161Tim Blackwell
29.8%
153Gary Varsho
29.6%
127Richie Hebner
29.2%
127Larry Biittner
29.1%
184Tony Campana
29.1%
148Scott Eyre
29%
178Turk Wendell
28.8%
142Ozzie Timmons
28.6%
143Brian Dayett
28.6%
117Dickie Noles
28.5%
220Will Ohman
28.4%
192Chuck McElroy
28.4%
119Xavier Nady
28.3%
200Dick Tidrow
28%
183Domingo Ramos
27.9%
139Jeff Fassero
27.9%
123George Frazier
27.7%
265Michael Wuertz
27.6%
162Micah Hoffpauir
27.2%
221Felix Heredia
27%
201Chris Speier
26.9%
173Mike Tyson
26.8%
162Frank DiPino
26.6%
114Mike Vail
26.3%
164Tom Goodwin
25.6%
210Jose Macias
25.5%
151Warren Brusstar
25.2%
138Kevin Roberson
24.8%
179Bob Scanlan
24.6%
115Roberto Novoa
23.8%
118Jose Bautista
23.5%
115Jesus Figueroa
23.4%
148Angel Pagan
23%
153Steve Dillard
22.7%
130Lenny Randle
22.3%
144Bill Campbell
21.1%

You're not logged in!

Compare scores with friends on all Sporcle quizzes.
Sign Up with Email
OR
Log In

You Might Also Like...

Show Comments

Extras

Top Quizzes Today


Score Distribution

Your Account Isn't Verified!

In order to create a playlist on Sporcle, you need to verify the email address you used during registration. Go to your Sporcle Settings to finish the process.